<?xml version="1.0" encoding="UTF-8"?>
<marc:record xmlns:marc="http://www.loc.gov/MARC21/slim">
   <marc:leader>00000nam a2200000 a 4500</marc:leader>
   <marc:datafield ind1="1" ind2=" " tag="100">
      <marc:subfield code="a">Franzobel</marc:subfield>
      <marc:subfield code="4">aut</marc:subfield>
      <marc:subfield code="e">Verfasser/-in</marc:subfield>
   </marc:datafield>
   <marc:datafield ind1="0" ind2="0" tag="245">
      <marc:subfield code="a">Hundert Wörter für Schnee</marc:subfield>
   </marc:datafield>
   <marc:datafield ind1="0" ind2="0" tag="245">
      <marc:subfield code="b">Roman</marc:subfield>
   </marc:datafield>
   <marc:datafield ind1="0" ind2="0" tag="245">
      <marc:subfield code="c">Franzobel</marc:subfield>
   </marc:datafield>
   <marc:datafield ind1=" " ind2="1" tag="264">
      <marc:subfield code="a">Wien</marc:subfield>
      <marc:subfield code="b">Paul Zsolnay Verlag</marc:subfield>
      <marc:subfield code="c">2025</marc:subfield>
   </marc:datafield>
   <marc:datafield ind1=" " ind2=" " tag="250">
      <marc:subfield code="a">1. Aufl.</marc:subfield>
   </marc:datafield>
   <marc:datafield ind1="1" ind2=" " tag="520">
      <marc:subfield code="a">Im Herbst 1897 bringt der US-amerikanische Entdecker und Abenteurer Robert Peary sechs Inughuit, so der Name der im Norden Grönlands lebenden Menschen, auf einem Dampfschiff nach New York. Untersucht sollen sie werden, vor allem aber ausgestellt und hergezeigt. Vier von ihnen sterben schnell an Tuberkulose, einer wird zurückgebracht &#x96; der neunjährige Minik aber bleibt. Seine Geschichte &#x96; Taufe, Schule, betrügerischer Pflegevater, Flucht &#x96; sorgt für Schlagzeilen. In Franzobels Roman wird Minik nicht nur zum Spielball zwischen der zivilisierten amerikanischen Kultur und der angeblich primitiven eines Naturvolkes. Sein Schicksal ist ein Heldenlied auf den Überlebenskampf eines beinahe ausgestorbenen Volkes, das bewiesen hat, wie der Mensch selbst in der unwirtlichsten Gegend überleben kann.</marc:subfield>
   </marc:datafield>
   <marc:datafield ind1=" " ind2=" " tag="020">
      <marc:subfield code="a">9783552075436</marc:subfield>
      <marc:subfield code="9">9783552075436</marc:subfield>
   </marc:datafield>
   <marc:datafield ind1=" " ind2=" " tag="020">
      <marc:subfield code="a">3552075437</marc:subfield>
      <marc:subfield code="9">3552075437</marc:subfield>
   </marc:datafield>
   <marc:datafield ind1=" " ind2=" " tag="300">
      <marc:subfield code="a">520 S., fest geb.</marc:subfield>
   </marc:datafield>
</marc:record>
